000 00740nam a2200217Ia 4500
001 16002
003 GE_BSU
008 181216s||||||||xx |||||||||||||| ||und||
040 _cGE_BSU
080 _a821.353.1-92
100 _aხინთიბიძე, ტიტე
245 _aყველას რაიმე აქვს სახსოვარი...
245 _cრედ.: მამია ვარშანიძე. მხ. გ.ხოჯაშვილი
260 _aბათუმი
260 _bმეცნიერება
260 _c1997
300 _a139გვ. ; 20სმ
541 _h6ლ.
653 _aყველას რაიმე აქვს სახსოვარი...
942 _cBK
999 _c49095
_d49095